[Event "Barcelona Tres Peons op 13th"]
[Site "Barcelona"]
[Date "2011.02.18"]
[Round "7"]
[White "Leiro Giralt, Daniel"]
[Black "Ruiz Bravo, Alfonso"]
[Result "1-0"]
[WhiteElo "2246"]
[BlackElo "1991"]
[PlyCount "47"]
[EventDate "2011.01.07"]
[EventType "swiss"]
[EventRounds "9"]
[EventCountry "ESP"]
[SourceTitle "EXT 2012"]
[Source "ChessBase"]
[SourceDate "2011.11.24"]
[SourceVersion "1"]
[SourceVersionDate "2011.11.24"]
[SourceQuality "1"]

1. e4 c5 2. Nc3 Nc6 3. Nge2 g6 4. d4 cxd4 5. Nxd4 Bg7 6. Be3 d6 7. Bc4 Nf6 8. f3 0-0 9. Qd2 Bd7 10. 0-0-0 Ne5 11. Be2 Rc8 12. Kb1 Nc4 13. Bxc4 Rxc4 14. g4 a6 15. h4 b5 16. h5 b4 17. Nce2 Qb8 18. Bh6 d5 19. hxg6 fxg6 20. Bxg7 Kxg7 21. Qh6+ Kg8 22. g5 Rf7 23. gxf6 dxe4 24. Rdg1 1-0

[Event "Barcelona Catalunya op"]
[Site "Barcelona"]
[Date "2010.03.29"]
[Round "3"]
[White "Ruiz Bravo, Alfonso"]
[Black "Perpinya Rofes, Lluis Maria"]
[Result "0-1"]
[WhiteElo "2069"]
[BlackElo "2307"]
[PlyCount "104"]
[EventDate "2010.03.27"]
[EventType "swiss"]
[EventRounds "9"]
[EventCountry "ESP"]
[SourceTitle "CBM 135 Extra"]
[Source "ChessBase"]
[SourceDate "2010.05.04"]
[SourceVersion "1"]
[SourceVersionDate "2010.05.04"]
[SourceQuality "1"]

1. e4 c5 2. Nf3 Nc6 3. d4 cxd4 4. Nxd4 g6 5. Be3 Nf6 6. Nc3 Bg7 7. Nb3 d6 8. Be2 0-0 9. 0-0 Ne5 10. h3 Be6 11. Nd4 Rc8 12. Nxe6 fxe6 13. f4 Nc4 14. Bxc4 Rxc4 15. Qd3 Qc8 16. Rad1 Nh5 17. g4 Ng3 18. Rf3 Bxc3 19. Rxg3 Bxb2 20. Rg2 Qc6 21. Rb1 Bg7 22. e5 dxe5 23. fxe5 Bxe5 24. Bxa7 b6 25. Bxb6 Rb8 26. Rb3 Rc3 27. Rxc3 Qxb6+ 28. Kf1 Qb1+ 29. Ke2 Bxc3 30. Qxc3 Rd8 31. Rf2 Qxa2 32. Rf3 Qd5 33. Ke3 Qd1 34. Rf2 Qh1 35. Ke2 Qe4+ 36. Qe3 Qxc2+ 37. Kf1 Rd1+ 38. Kg2 Qc6+ 39. Kg3 Qd5 40. Kh4 Kg7 41. Qf4 g5+ 42. Qxg5+ Qxg5+ 43. Kxg5 Rd3 44. Rh2 Rf3 45. Kh4 Kf6 46. Ra2 e5 47. Ra6+ e6 48. Ra8 e4 49. g5+ Kf5 50. Rf8+ Ke5 51. Rh8 e3 52. Rxh7 e2 0-1

[Event "Barcelona Rubi op-A 5th"]
[Site "Barcelona"]
[Date "2004.04.??"]
[Round "6"]
[White "Lerch Gallemi, Jose Maria"]
[Black "Ruiz Bravo, Alfonso"]
[Result "1-0"]
[WhiteElo "2245"]
[BlackElo "2105"]
[PlyCount "61"]
[EventDate "2004.04.25"]
[EventType "swiss"]
[EventRounds "9"]
[EventCountry "ESP"]
[SourceTitle "EXT 2007"]
[Source "ChessBase"]
[SourceDate "2006.11.23"]
[SourceVersion "1"]
[SourceVersionDate "2006.11.23"]
[SourceQuality "1"]

1. e4 c5 2. Nc3 d6 3. f4 Nc6 4. Nf3 g6 5. Bb5 Bg7 6. d3 Bd7 7. Bxc6 Bxc6 8. 0-0 e6 9. Qe1 Ne7 10. f5 0-0 11. fxe6 fxe6 12. Qh4 Qd7 13. Bh6 Bxh6 14. Qxh6 Rae8 15. Ng5 Nc8 16. e5 dxe5 17. Nce4 Bxe4 18. dxe4 Qe7 19. h4 Nb6 20. h5 gxh5 21. Nxe6 Rf7 22. Ng5 Rg7 23. Rf5 Rg6 24. Qxh5 Rg7 25. Raf1 Rd8 26. Nf7 Rc8 27. Nh6+ Kh8 28. Rxe5 Qd7 29. Rd1 Qc6 30. Nf7+ Kg8 31. Nd8 1-0

[Event "Barcelona Rubi op-A 5th"]
[Site "Barcelona"]
[Date "2004.04.??"]
[Round "5"]
[White "Ruiz Bravo, Alfonso"]
[Black "Canovas Pardo, Alberto"]
[Result "1-0"]
[WhiteElo "2080"]
[BlackElo "2147"]
[PlyCount "99"]
[EventDate "2004.04.25"]
[EventType "swiss"]
[EventRounds "9"]
[EventCountry "ESP"]
[SourceTitle "EXT 2007"]
[Source "ChessBase"]
[SourceDate "2006.11.23"]
[SourceVersion "1"]
[SourceVersionDate "2006.11.23"]
[SourceQuality "1"]

1. e4 e6 2. d4 d5 3. Nc3 Nf6 4. Bg5 Be7 5. e5 Nfd7 6. Bxe7 Qxe7 7. f4 a6 8. Nf3 c5 9. Qd2 Nc6 10. Ne2 c4 11. g3 b5 12. a3 Nb6 13. Bg2 Bd7 14. 0-0 f5 15. exf6 gxf6 16. Rae1 0-0-0 17. f5 exf5 18. Nh4 Rhe8 19. Nc3 Qd6 20. Bh3 Rxe1 21. Rxe1 f4 22. Bxd7+ Rxd7 23. Nf5 Qc7 24. gxf4 Qd8 25. Qe3 Qg8+ 26. Kh1 Qg4 27. Nh6 Qh4 28. Nf5 Qg4 29. Nh6 Qg7 30. Nf5 Qg6 31. Qh3 Kc7 32. Rg1 Qe8 33. Ng7 Qf7 34. Ne6+ Kb8 35. f5 b4 36. axb4 Nxb4 37. Rg7 Qxg7 38. Nxg7 Rxg7 39. Qh6 Rf7 40. Qf4+ Kb7 41. Qd6 Nc6 42. Qe6 Nd8 43. Qe8 Kc7 44. Na4 Nd7 45. Qe1 Nc6 46. Qg3+ Kb7 47. Qd6 Re7 48. Qxd5 Kc7 49. Qxc4 Re4 50. c3 1-0

[Event "Barcelona Rubi op-A 5th"]
[Site "Barcelona"]
[Date "2004.04.??"]
[Round "3"]
[White "Ruiz Bravo, Alfonso"]
[Black "Rios Torondell, Jaume"]
[Result "1-0"]
[WhiteElo "2109"]
[BlackElo "2014"]
[PlyCount "133"]
[EventDate "2004.04.25"]
[EventType "swiss"]
[EventRounds "9"]
[EventCountry "ESP"]
[SourceTitle "EXT 2007"]
[Source "ChessBase"]
[SourceDate "2006.11.23"]
[SourceVersion "1"]
[SourceVersionDate "2006.11.23"]
[SourceQuality "1"]

1. e4 e6 2. d4 d5 3. Nc3 Bb4 4. e5 c5 5. a3 Ba5 6. b4 cxd4 7. Qg4 Ne7 8. Qxg7 Rg8 9. Qxh7 Qc7 10. Qd3 dxc3 11. bxa5 Qxe5+ 12. Ne2 Nbc6 13. Qxc3 d4 14. Qd3 Nf5 15. Rb1 Nh4 16. Rb5 Qf6 17. Qe4 Nf5 18. Bf4 d3 19. Qxd3 Qa1+ 20. Qd1 Qxa3 21. h4 Qa4 22. Rb3 Qxa5+ 23. Bd2 Qd5 24. Rd3 Qe4 25. f3 Qe5 26. Bf4 Qa5+ 27. c3 e5 28. Bg5 Be6 29. g4 Nfe7 30. Bg2 Rd8 31. 0-0 Bc4 32. Rxd8+ Qxd8 33. Qxd8+ Nxd8 34. Re1 Nd5 35. Nd4 f6 36. Bd2 Kd7 37. Nf5 Ne6 38. Bf1 Bxf1 39. Kxf1 Rc8 40. Rb1 b6 41. Rb3 Nc5 42. Ra3 a5 43. Ke2 Ne6 44. h5 Nef4+ 45. Bxf4 Nxf4+ 46. Kd2 Ke6 47. h6 Rd8+ 48. Kc2 Nh3 49. Rb3 Rb8 50. c4 e4 51. Nd4+ Kf7 52. c5 b5 53. Nxb5 Kg6 54. c6 Rc8 55. c7 Nf4 56. fxe4 Ne6 57. Rh3 Nxc7 58. Rc3 Kxh6 59. Nxc7 Rg8 60. Nd5 Rxg4 61. Nxf6 Rg1 62. Re3 Kg6 63. e5 Kf7 64. e6+ Ke7 65. Nd5+ Ke8 66. e7 a4 67. Nf6+ 1-0

[Event "Barcelona Rubi op-A 5th"]
[Site "Barcelona"]
[Date "2004.04.??"]
[Round "1"]
[White "Ruiz Bravo, Alfonso"]
[Black "Serrano Delgado, Bienvenido"]
[Result "1-0"]
[WhiteElo "2080"]
[BlackElo "1975"]
[PlyCount "65"]
[EventDate "2004.04.25"]
[EventType "swiss"]
[EventRounds "9"]
[EventCountry "ESP"]
[SourceTitle "EXT 2007"]
[Source "ChessBase"]
[SourceDate "2006.11.23"]
[SourceVersion "1"]
[SourceVersionDate "2006.11.23"]
[SourceQuality "1"]

1. e4 e5 2. Nf3 Nc6 3. d4 exd4 4. Bc4 Be7 5. c3 Nf6 6. e5 Ne4 7. Bd5 Nc5 8. cxd4 Ne6 9. Nc3 Nb4 10. Bb3 c6 11. 0-0 d5 12. a3 Na6 13. Bc2 Nac7 14. Be3 0-0 15. Qd3 g6 16. Qd2 Ng7 17. h3 Bf5 18. g4 Bxc2 19. Qxc2 Nce6 20. Rad1 Rc8 21. b4 b6 22. Qb3 a5 23. Kg2 f5 24. exf6 Bxf6 25. Ne5 Bxe5 26. dxe5 Nf4+ 27. Bxf4 Rxf4 28. Nxd5 cxd5 29. Rxd5 Qe7 30. Rd7+ Kf8 31. Rxe7 Kxe7 32. Qd3 Rc6 33. Rd1 1-0

[Event "Barcelona Rubi op-A 5th"]
[Site "Barcelona"]
[Date "2004.04.??"]
[Round "7"]
[White "Ruiz Bravo, Alfonso"]
[Black "Torrecillas Gonzalez, Antonio"]
[Result "0-1"]
[WhiteElo "2105"]
[BlackElo "2065"]
[PlyCount "88"]
[EventDate "2004.04.25"]
[EventType "swiss"]
[EventRounds "9"]
[EventCountry "ESP"]
[SourceTitle "EXT 2007"]
[Source "ChessBase"]
[SourceDate "2006.11.23"]
[SourceVersion "1"]
[SourceVersionDate "2006.11.23"]
[SourceQuality "1"]

1. e4 c5 2. Nf3 d6 3. d4 cxd4 4. Nxd4 Nf6 5. Nc3 a6 6. Be3 e5 7. Nb3 Be7 8. f3 Be6 9. Nd5 Nxd5 10. exd5 Bf5 11. Bd3 Bxd3 12. Qxd3 Nd7 13. 0-0 0-0 14. f4 exf4 15. Bxf4 Ne5 16. Qg3 Bf6 17. Nd2 Ng6 18. Bxd6 Re8 19. Nf3 Qb6+ 20. Kh1 Qxb2 21. Rab1 Qxa2 22. Rxb7 Qxd5 23. Rbb1 a5 24. Rbd1 Qc4 25. Rf2 a4 26. Nd2 Qxc2 27. Rff1 Re2 28. Nb1 Rae8 29. Na3 Qa2 30. h3 Bb2 31. Bc5 Be5 32. Qg4 Nf4 33. Rxf4 Bxf4 34. Qxf4 Rxg2 35. Nc4 Rge2 36. Rf1 f6 37. Nd6 Qd5+ 38. Qf3 Qxc5 39. Nxe8 Rxe8 40. Rd1 a3 41. Qb3+ Kf8 42. Qd3 a2 43. Qxh7 Qc6+ 44. Kg1 Re5 0-1

[Event "Barcelona Rubi op 3rd"]
[Site "Barcelona"]
[Date "2002.??.??"]
[Round "?"]
[White "Lopez Santana, Oscar"]
[Black "Ruiz Bravo, Alfonso"]
[Result "1/2-1/2"]
[WhiteElo "2225"]
[BlackElo "2114"]
[PlyCount "86"]
[EventDate "2002.04.27"]
[EventType "swiss"]
[EventRounds "9"]
[EventCountry "ESP"]
[SourceTitle "EXT 2003"]
[Source "ChessBase"]
[SourceDate "2002.11.25"]
[SourceVersion "1"]
[SourceVersionDate "2002.11.25"]
[SourceQuality "1"]

1. e4 c5 2. Nf3 e6 3. d3 Nc6 4. g3 d6 5. Bg2 Nf6 6. 0-0 Be7 7. c3 0-0 8. Nbd2 Bd7 9. Nh4 d5 10. f4 d4 11. c4 Ne8 12. Nhf3 f5 13. exf5 exf5 14. Ne5 Nf6 15. Nxc6 Bxc6 16. Bxc6 bxc6 17. h3 Qe8 18. Nf3 Bd6 19. Qe1 Qd7 20. Bd2 Rae8 21. Qf2 Ne4 22. Qg2 Nxd2 23. Qxd2 Re3 24. Rae1 Rfe8 25. Rf2 Qe6 26. Rff1 h6 27. h4 Qg6 28. Qg2 Rxd3 29. Rxe8+ Qxe8 30. Re1 Re3 31. Qf2 Qe4 32. Rxe3 dxe3 33. Qe2 Kf7 34. b3 Bc7 35. Ne1 Ba5 36. Nd3 Bc3 37. Nxc5 Qb1+ 38. Kg2 Bd4 39. Nd3 Qa1 40. Qh5+ Kf6 41. Qe2 Qc3 42. Kf3 Qa1 43. Kg2 Qc3 1/2-1/2

[Event "Barcelona Rubi op 3rd"]
[Site "Barcelona"]
[Date "2002.??.??"]
[Round "2"]
[White "Ruiz Bravo, Alfonso"]
[Black "Prats Rodriguez, Juan Bosco"]
[Result "1/2-1/2"]
[WhiteElo "2125"]
[BlackElo "2245"]
[PlyCount "78"]
[EventDate "2002.04.27"]
[EventType "swiss"]
[EventRounds "9"]
[EventCountry "ESP"]
[SourceTitle "CBM 088 Extra"]
[Source "ChessBase"]
[SourceDate "2002.07.01"]
[SourceVersion "2"]
[SourceVersionDate "2002.07.01"]
[SourceQuality "1"]

1. e4 d6 2. d4 Nf6 3. Nc3 g6 4. Nf3 Bg7 5. Be2 0-0 6. 0-0 c6 7. a4 Qc7 8. h3 Nbd7 9. Bf4 e5 10. Bh2 Re8 11. dxe5 dxe5 12. Bc4 b6 13. Ng5 Re7 14. f4 h6 15. fxe5 Nxe5 16. Nf3 Nfd7 17. Qe2 Qd6 18. Kh1 Qb4 19. Bb3 Qa5 20. Qf2 Ba6 21. Nxe5 Nxe5 22. Bxe5 Qxe5 23. Rfd1 Rae8 24. Rd2 Bc8 25. Rad1 Be6 26. Bxe6 Qxe6 27. Rd6 Qc4 28. Qd2 Bxc3 29. bxc3 Qxe4 30. Qxh6 Qf5 31. Qh4 Re4 32. Qg3 Re3 33. Qh4 g5 34. Qd4 Re1+ 35. Rxe1 Rxe1+ 36. Kh2 Qe5+ 37. Qxe5 Rxe5 38. Rxc6 Re2 39. Rc7 Rxc2 1/2-1/2

[Event "Barcelona Tres Peons op"]
[Site "Barcelona"]
[Date "1999.??.??"]
[Round "6"]
[White "Marquez Jimenez, Antonio"]
[Black "Ruiz Bravo, Alfonso"]
[Result "0-1"]
[WhiteElo "2040"]
[BlackElo "2155"]
[PlyCount "128"]
[EventDate "1999.??.??"]
[EventType "swiss"]
[EventRounds "9"]
[EventCountry "ESP"]
[SourceTitle "EXT 2000"]
[Source "ChessBase"]
[SourceDate "1999.11.16"]
[SourceVersion "1"]
[SourceVersionDate "1999.11.16"]
[SourceQuality "1"]

1. Nf3 Nf6 2. d4 g6 3. c4 Bg7 4. Nc3 0-0 5. e4 d6 6. h3 e5 7. d5 Nbd7 8. Bd3 Ne8 9. 0-0 Nc5 10. Bc2 a5 11. Be3 f5 12. Qd2 f4 13. Bxc5 dxc5 14. Kh2 Nd6 15. Bd3 Qe7 16. a4 g5 17. g4 h5 18. gxh5 g4 19. hxg4 Bxg4 20. Kg2 Qd7 21. Rh1 Bxh5 22. Rxh5 Qg4+ 23. Kf1 Qxh5 24. Ke2 Rf6 25. Rg1 Rg6 26. Qe1 Kf7 27. Rxg6 Qxg6 28. Qg1 Bf6 29. Qxg6+ Kxg6 30. Nb5 Nxb5 31. cxb5 Rh8 32. b3 Rh1 33. Bc4 b6 34. Ne1 Kh5 35. Nd3 Kg4 36. d6 f3+ 37. Kd2 Bg5+ 38. Kc2 cxd6 39. Be6+ Kh4 40. Bf5 Ra1 41. Be6 Ra2+ 42. Nb2 Ra1 43. Nd3 Be3 44. fxe3 f2 45. Nxf2 Ra2+ 46. Kd3 Rxf2 47. Bd5 Kg3 48. Be6 Rf6 49. Bg8 Kf3 50. Kc4 Kxe3 51. Bh7 Rf2 52. Kd5 Rb2 53. Kc6 Rxb3 54. Kxb6 c4 55. Bg8 Rb4 56. Bxc4 Rxc4 57. Kxa5 Kxe4 58. b6 Rc1 59. b7 Rb1 60. Ka6 d5 61. Ka7 d4 62. b8Q Rxb8 63. Kxb8 d3 64. a5 d2 0-1

[Event "Barcelona Tres Peons op"]
[Site "Barcelona"]
[Date "1999.??.??"]
[Round "7"]
[White "Ruiz Bravo, Alfonso"]
[Black "Asensio Linan, Teodoro"]
[Result "0-1"]
[WhiteElo "2155"]
[BlackElo "2245"]
[PlyCount "88"]
[EventDate "1999.??.??"]
[EventType "swiss"]
[EventRounds "9"]
[EventCountry "ESP"]
[SourceTitle "EXT 2000"]
[Source "ChessBase"]
[SourceDate "1999.11.16"]
[SourceVersion "1"]
[SourceVersionDate "1999.11.16"]
[SourceQuality "1"]

1. e4 c5 2. Nf3 Nc6 3. d4 cxd4 4. Nxd4 e5 5. Nb5 a6 6. Nd6+ Bxd6 7. Qxd6 Qf6 8. Qc7 Nge7 9. Nc3 Qe6 10. Be3 Nb4 11. 0-0-0 b5 12. Kb1 0-0 13. Rd6 Qg4 14. f3 Qh4 15. g3 Qh5 16. g4 Qh4 17. Qc5 Nbc6 18. Bf2 Qg5 19. Ne2 f6 20. h4 Qg6 21. Nc3 Qe8 22. a4 bxa4 23. Nxa4 Kh8 24. Qc3 Rb8 25. Nc5 a5 26. Bc4 Rb4 27. Bb3 Ng6 28. Rhd1 Nf4 29. Nxd7 Bxd7 30. Rxd7 Nd4 31. Qc7 Qc8 32. Qxc8 Rxc8 33. Bxd4 exd4 34. R1xd4 Rxd4 35. Rxd4 Ng6 36. Be6 Rf8 37. Ra4 Nxh4 38. Rxa5 Nxf3 39. c4 Nd2+ 40. Kc2 Nxe4 41. Kd3 Re8 42. Kxe4 Rxe6+ 43. Kd5 Re5+ 44. Kd6 Rxa5 0-1

[Event "Sant Boi op"]
[Site "Sant Boi de Llobregat"]
[Date "1998.??.??"]
[Round "8"]
[White "Montilla Carrillo, Esteban"]
[Black "Ruiz Bravo, Alfonso"]
[Result "1-0"]
[WhiteElo "2350"]
[BlackElo "2140"]
[PlyCount "81"]
[EventDate "1998.??.??"]
[EventType "swiss"]
[EventRounds "8"]
[EventCountry "ESP"]
[SourceTitle "EXT 2003"]
[Source "ChessBase"]
[SourceDate "2002.11.25"]
[SourceVersion "1"]
[SourceVersionDate "2002.11.25"]
[SourceQuality "1"]

1. d4 Nf6 2. c4 g6 3. Nc3 Bg7 4. e4 d6 5. f3 0-0 6. Be3 e5 7. Nge2 Nbd7 8. d5 a5 9. Qd2 Nc5 10. g4 Ne8 11. 0-0-0 f5 12. gxf5 gxf5 13. Rg1 Kh8 14. Kb1 Qe7 15. Nc1 Bd7 16. Be2 Rg8 17. a3 f4 18. Bf2 b6 19. Rdf1 Nf6 20. Bd1 Bh6 21. b4 axb4 22. axb4 Nb7 23. Nd3 Bh3 24. Re1 Qf7 25. Nb5 Bg5 26. Qb2 Qe7 27. Be2 Ne8 28. Kc2 h6 29. Ra1 Ng7 30. Ra3 Rxa3 31. Qxa3 Bh4 32. Qa7 Bxf2 33. Nxf2 Bc8 34. Kd2 Qh4 35. Ke1 Kh7 36. Qb8 Qxh2 37. Rh1 Qg2 38. Qxc7 Qg6 39. Na7 Qe8 40. Nxc8 Qxc8 41. Ng4 1-0

[Event "Barcelona op-A"]
[Site "Barcelona"]
[Date "1998.??.??"]
[Round "3"]
[White "Ruiz Bravo, Alfonso"]
[Black "Alfonso Nogue, Beatriz"]
[Result "0-1"]
[WhiteElo "2090"]
[BlackElo "2185"]
[PlyCount "30"]
[EventDate "1998.??.??"]
[EventType "swiss"]
[EventRounds "8"]
[EventCountry "ESP"]
[SourceTitle "EXT 2019"]
[Source "ChessBase"]
[SourceDate "2018.10.10"]
[SourceVersion "1"]
[SourceVersionDate "2018.10.10"]
[SourceQuality "1"]

1. e4 e5 2. Nf3 Nc6 3. d4 exd4 4. Bc4 Nf6 5. 0-0 Nxe4 6. Re1 d5 7. Bb5 Bc5 8. Nxd4 0-0 9. Be3 Nxd4 10. Bxd4 Bxd4 11. Qxd4 c5 12. Qe3 Qb6 13. Bd3 Qxb2 14. Na3 Qxa3 15. f3 c4 0-1

[Event "Sant Boi op"]
[Site "Sant Boi de Llobregat"]
[Date "1998.??.??"]
[Round "6"]
[White "Ruiz Bravo, Alfonso"]
[Black "Riera Danes, Manel"]
[Result "1-0"]
[WhiteElo "2140"]
[BlackElo "2060"]
[PlyCount "58"]
[EventDate "1998.??.??"]
[EventType "swiss"]
[EventRounds "8"]
[EventCountry "ESP"]
[SourceTitle "EXT 2003"]
[Source "ChessBase"]
[SourceDate "2002.11.25"]
[SourceVersion "1"]
[SourceVersionDate "2002.11.25"]
[SourceQuality "1"]

1. e4 c5 2. Nf3 d6 3. d4 cxd4 4. Nxd4 Nf6 5. Nc3 e6 6. Be3 Be7 7. Be2 a6 8. f4 Qc7 9. Bf3 Nc6 10. 0-0 Bd7 11. Kh1 Rd8 12. Qe1 Nxd4 13. Bxd4 e5 14. Be3 Bc6 15. Qf2 Rd7 16. Bb6 Qb8 17. fxe5 dxe5 18. Bg4 Rd6 19. Bc5 Rd8 20. Bxe7 Kxe7 21. Bf5 Rd6 22. Qc5 Rhd8 23. Qxe5+ Kf8 24. Qc5 Kg8 25. Qe3 Rd2 26. Nd5 Bxd5 27. Qxd2 Bc4 28. Qc3 Bxf1 29. Rxf1 g6 1-0

[Event "Barcelona op-A"]
[Site "Barcelona"]
[Date "1998.??.??"]
[Round "8"]
[White "Severri Arrese, Carlos"]
[Black "Ruiz Bravo, Alfonso"]
[Result "0-1"]
[WhiteElo "2125"]
[BlackElo "2090"]
[PlyCount "105"]
[EventDate "1998.??.??"]
[EventType "swiss"]
[EventRounds "8"]
[EventCountry "ESP"]
[SourceTitle "EXT 2019"]
[Source "ChessBase"]
[SourceDate "2018.10.10"]
[SourceVersion "1"]
[SourceVersionDate "2018.10.10"]
[SourceQuality "1"]

1. e4 c5 2. Nf3 e6 3. Nc3 Nc6 4. d4 cxd4 5. Nxd4 a6 6. Nxc6 bxc6 7. Bd3 Bc5 8. Qh5 d6 9. 0-0 Nf6 10. Qh4 e5 11. Bg5 0-0 12. Kh1 h6 13. Bxf6 Qxf6 14. Qxf6 gxf6 15. Na4 Ba7 16. f4 exf4 17. c3 Be3 18. h3 Kh8 19. Rad1 Be6 20. b3 Rg8 21. Be2 d5 22. Bf3 Rad8 23. Nb2 Rg3 24. exd5 cxd5 25. Kh2 Rdg8 26. Rxd5 Rxf3 27. gxf3 Bxd5 28. c4 Be6 29. Nd1 Bc5 30. Nc3 Rg3 31. Ne4 Rxh3+ 32. Kg2 Rh5 33. Rh1 Rxh1 34. Kxh1 Bd4 35. Kg2 a5 36. Nd6 Kg7 37. Nb5 Bb6 38. Nd6 f5 39. a3 Bc5 40. Nb7 Bxa3 41. Nxa5 Bd7 42. Nb7 Bb4 43. Kf2 Kf6 44. Kg2 Ke5 45. Nd8 Be8 46. Kf2 Kd4 47. c5 Bxc5 48. Nb7 Kd5+ 49. Kg2 Bb6 50. b4 Bc6 51. Na5 Bxa5 52. bxa5 Bb5 53. Kh3 0-1

[Event "Suances op"]
[Site "Suances"]
[Date "1997.??.??"]
[Round "?"]
[White "Ruiz Bravo, Alfonso"]
[Black "Kolev, Atanas"]
[Result "0-1"]
[WhiteElo "2235"]
[BlackElo "2545"]
[PlyCount "50"]
[EventDate "1997.??.??"]
[EventType "swiss"]
[EventRounds "9"]
[EventCountry "ESP"]
[SourceTitle "EXT 2002"]
[Source "ChessBase"]
[SourceDate "2001.11.25"]
[SourceVersion "1"]
[SourceVersionDate "2001.11.25"]
[SourceQuality "1"]

1. d4 Nf6 2. Bg5 e6 3. Nf3 h6 4. Bh4 d6 5. Nc3 Nbd7 6. e4 g5 7. Bg3 Nh5 8. Bc4 Bg7 9. Qd3 a6 10. a3 b5 11. Ba2 Nxg3 12. hxg3 c5 13. dxc5 Nxc5 14. Qe3 Qc7 15. Nd4 Bb7 16. 0-0-0 0-0-0 17. Kb1 Kb8 18. Rhe1 Rc8 19. Re2 Qa5 20. f4 b4 21. axb4 Qxb4 22. Red2 Rc7 23. e5 dxe5 24. fxe5 Rhc8 25. g4 Nd7 0-1

[Event "Sant Boi op"]
[Site "Sant Boi de Llobregat"]
[Date "1996.??.??"]
[Round "?"]
[White "Montilla Carrillo, Esteban"]
[Black "Ruiz Bravo, Alfonso"]
[Result "1-0"]
[WhiteElo "2230"]
[BlackElo "2150"]
[PlyCount "69"]
[EventDate "1996.??.??"]
[EventType "swiss"]
[EventRounds "9"]
[EventCountry "ESP"]
[SourceTitle "EXT 2003"]
[Source "ChessBase"]
[SourceDate "2002.11.25"]
[SourceVersion "1"]
[SourceVersionDate "2002.11.25"]
[SourceQuality "1"]

1. d4 Nf6 2. c4 e6 3. Nc3 d5 4. Nf3 Be7 5. Bg5 h6 6. Bh4 0-0 7. e3 b6 8. Qc2 Bb7 9. 0-0-0 Nbd7 10. Kb1 c5 11. cxd5 Nxd5 12. Bxe7 Qxe7 13. Nxd5 exd5 14. Bb5 Nf6 15. Ne5 a6 16. Be2 c4 17. Rhg1 Rfc8 18. g4 Ne4 19. f3 Nd6 20. g5 hxg5 21. h4 f6 22. Ng4 Qe6 23. hxg5 fxg5 24. Ne5 Qf5 25. Qxf5 Nxf5 26. Rxg5 Nxe3 27. Rh1 Rc7 28. Kc1 Bc8 29. f4 Nf5 30. Bf3 Ne7 31. Rgh5 g6 32. Rh8+ Kg7 33. R1h7+ Kf6 34. Rf8+ Ke6 35. Bg4+ 1-0